[Event "DFMM der LV 2011"]
[Site "Braunfels"]
[Date "2011.06.18"]
[Round "4.6"]
[White "Zwetz, Anita"]
[Black "Holle, Verena"]
[Result "1-0"]
[WhiteElo "1868"]
[BlackElo "1296"]
[PlyCount "39"]
[EventDate "2011.06.16"]
[EventType "team"]
[EventCountry "GER"]
[WhiteTeam "Bayern"]
[BlackTeam "Saarland"]
[WhiteTeamCountry "GER"]
[BlackTeamCountry "GER"]

1. d4 e6 2. Nf3 d5 3. Bg5 Nf6 4. e3 Be7 5. Bd3 Nbd7 6. Nbd2 c5 7. c3 O-O 8. Qe2
c4 9. Bc2 b5 10. e4 Nh5 11. g4 Nhf6 12. Bxf6 Nxf6 13. e5 Nxg4 14. Rg1 f5 15.
exf6 Nxf6 16. Ng5 Qd6 17. Ngf3 g6 18. Ne5 Ne4 19. Nxe4 dxe4 20. Qxe4 1-0

[Event "DFMM der LV 2011"]
[Site "Braunfels"]
[Date "2011.06.18"]
[Round "4.7"]
[White "Metzler, Janett"]
[Black "Lorenz, Oda"]
[Result "0-1"]
[WhiteElo "1079"]
[BlackElo "1873"]
[PlyCount "102"]
[EventDate "2011.06.16"]
[EventType "team"]
[EventCountry "GER"]
[WhiteTeam "Saarland"]
[BlackTeam "Bayern"]
[WhiteTeamCountry "GER"]
[BlackTeamCountry "GER"]

1. e4 e5 2. Nf3 Nc6 3. Nc3 Nf6 4. d4 exd4 5. Nxd4 Bc5 6. Nxc6 bxc6 7. Bg5 h6 8.
Bxf6 Qxf6 9. Qe2 O-O 10. e5 Qf4 11. g3 Qb4 12. Rb1 Bd4 13. Qc4 Rb8 14. Qxb4
Rxb4 15. Nd1 Bxe5 16. Bg2 Ba6 17. b3 Re8 18. c4 Bxc4 19. Ne3 Ba6 20. Rc1 Bd4
21. Kd2 Rb5 22. Rhe1 Rbe5 23. Bh3 Bxe3+ 24. fxe3 Rd5+ 25. Kc2 Bd3+ 26. Kb2 Be4
27. Re2 f5 28. Rf2 g5 29. g4 Rf8 30. Rcf1 Rd3 31. gxf5 Rxe3 32. Bg4 Rf6 33. Rd2
d5 34. Rd4 Rd3 35. Rb4 Rd2+ 36. Ka3 Rxh2 37. Rb8+ Kf7 38. Rc8 Ke7 39. Rxc7+ Kd6
40. Rxa7 Bd3 41. Rf3 Bb1 42. Kb4 Rxa2 43. Rg7 Re2 44. Rf1 Re4+ 45. Kc3 Rxg4 46.
Rxb1 Rxf5 47. Rg6+ Kc5 48. b4+ Kb5 49. Rg7 Rf3+ 50. Kb2 Rxb4+ 51. Ka1 Ra3# 0-1

[Event "DFMM der LV 2011"]
[Site "Braunfels"]
[Date "2011.06.18"]
[Round "4.8"]
[White "Metzner, Anita"]
[Black "Tinnes, Marie Christine"]
[Result "1-0"]
[WhiteElo "1516"]
[BlackElo "1094"]
[PlyCount "29"]
[EventDate "2011.06.16"]
[EventType "team"]
[EventCountry "GER"]
[WhiteTeam "Bayern"]
[BlackTeam "Saarland"]
[WhiteTeamCountry "GER"]
[BlackTeamCountry "GER"]

1. d4 c6 2. c4 d5 3. cxd5 cxd5 4. Nc3 Nf6 5. Nf3 Nc6 6. e3 e6 7. Bb5 Bd7 8. O-O
Be7 9. a3 O-O 10. b4 Qc7 11. Bb2 Bd6 12. h3 a5 13. Bxc6 bxc6 14. bxa5 Rxa5 15.
a4 {12.2} 1-0

[Event "DFMM der LV 2011"]
[Site "Braunfels"]
[Date "2011.06.19"]
[Round "5.1"]
[White "Dergatschova Daus, Anna"]
[Black "Stroessner, Lena"]
[Result "1-0"]
[WhiteElo "2221"]
[BlackElo "1980"]
[PlyCount "89"]
[EventDate "2011.06.16"]
[EventType "team"]
[EventCountry "GER"]
[WhiteTeam "Nordrhein Westfalen 1"]
[BlackTeam "Nordrhein Westfalen 2"]
[WhiteTeamCountry "GER"]
[BlackTeamCountry "GER"]

1. e4 e6 2. d4 d5 3. e5 c5 4. c3 Qb6 5. Nf3 Nc6 6. Be2 f6 7. O-O Bd7 8. Na3 a6
9. Nc2 fxe5 10. Nxe5 Nxe5 11. dxe5 Ne7 12. Bg4 Nc6 13. f4 O-O-O 14. Rb1 Qc7 15.
Ne3 g5 16. Nxd5 exd5 17. e6 Bxe6 18. Bxe6+ Kb8 19. fxg5 Bd6 20. Qh5 Rdf8 21.
Bd2 d4 22. Rf5 Ne5 23. Rbf1 Ka7 24. Bd5 Qg7 25. h3 Ka8 26. Rf6 Qc7 27. Qh6 Rd8
28. a3 Ka7 29. cxd4 cxd4 30. Be4 Qe7 31. Re6 Qc7 32. Ba5 Qxa5 33. Rxd6 Qd2 34.
Rxd8 Rxd8 35. Qxh7 Rd7 36. Qh4 d3 37. Bf5 Rd5 38. Qe4 Rc5 39. Qd4 b6 40. Be4
Rc1 41. Qxe5 Rxf1+ 42. Kxf1 Qe2+ 43. Kg1 Qd1+ 44. Kh2 a5 45. Qd5 1-0

[Event "DFMM der LV 2011"]
[Site "Braunfels"]
[Date "2011.06.19"]
[Round "5.2"]
[White "Samorukova, Jana"]
[Black "Engels, Natia"]
[Result "1/2-1/2"]
[WhiteElo "1830"]
[BlackElo "2191"]
[PlyCount "34"]
[EventDate "2011.06.16"]
[EventType "team"]
[EventCountry "GER"]
[WhiteTeam "Nordrhein Westfalen 2"]
[BlackTeam "Nordrhein Westfalen 1"]
[WhiteTeamCountry "GER"]
[BlackTeamCountry "GER"]

1. d4 c5 2. d5 g6 3. e4 d6 4. Nc3 Bg7 5. Bc4 Nf6 6. h3 Nbd7 7. Nf3 O-O 8. O-O
a6 9. a4 Rb8 10. Re1 Ne8 11. Bf4 Nc7 12. Qd3 b5 13. axb5 axb5 14. Nxb5 Nxb5 15.
Bxb5 Bxb2 16. Ra2 Bg7 17. c4 Bb7 1/2-1/2

[Event "DFMM der LV 2011"]
[Site "Braunfels"]
[Date "2011.06.19"]
[Round "5.3"]
[White "Zhang, Fan"]
[Black "Drose, Daniela"]
[Result "1-0"]
[WhiteElo "2088"]
[BlackElo "1961"]
[PlyCount "85"]
[EventDate "2011.06.16"]
[EventType "team"]
[EventCountry "GER"]
[WhiteTeam "Nordrhein Westfalen 1"]
[BlackTeam "Nordrhein Westfalen 2"]
[WhiteTeamCountry "GER"]
[BlackTeamCountry "GER"]

1. d4 Nf6 2. Bg5 e6 3. e4 h6 4. Bxf6 gxf6 5. Nc3 c6 6. Qd2 Qa5 7. O-O-O b5 8.
Kb1 Bb4 9. Nge2 Qb6 10. Qf4 Be7 11. Ng3 b4 12. Na4 Qa5 13. Nc5 d6 14. Nd3 e5
15. dxe5 fxe5 16. Qf3 Be6 17. Nc1 Nd7 18. Nf5 Bxf5 19. Qxf5 Nf6 20. Bc4 Qc7 21.
g4 Qd7 22. Qf3 Qxg4 23. Qb3 Rf8 24. f3 Qc8 25. Rhg1 Nh5 26. Rg8 Rxg8 27. Bxf7+
Kd8 28. Bxg8 Kc7 29. Bf7 Qh3 30. Be6 Qg2 31. Bg4 Nf6 32. Qf7 Re8 33. Nb3 Qe2
34. Rc1 c5 35. c3 Qb5 36. cxb4 Nxg4 37. fxg4 Qd7 38. bxc5 Kd8 39. cxd6 Qxd6 40.
Qf1 Rf8 41. Qe2 Ke8 42. Qb5+ Kd8 43. Na5 1-0

[Event "DFMM der LV 2011"]
[Site "Braunfels"]
[Date "2011.06.19"]
[Round "5.5"]
[White "Vogel, Heike"]
[Black "Kaehmann, Lisa"]
[Result "1/2-1/2"]
[WhiteElo "2122"]
[BlackElo "1652"]
[PlyCount "80"]
[EventDate "2011.06.16"]
[EventType "team"]
[EventCountry "GER"]
[WhiteTeam "Nordrhein Westfalen 1"]
[BlackTeam "Nordrhein Westfalen 2"]
[WhiteTeamCountry "GER"]
[BlackTeamCountry "GER"]

1. d4 Nf6 2. Nf3 d6 3. Nc3 Bf5 4. Bg5 e6 5. e4 Bg6 6. Bd3 Be7 7. Qd2 Nbd7 8.
O-O h6 9. Bf4 Nh5 10. Be3 c5 11. dxc5 dxc5 12. Bb5 a6 13. Bxd7+ Qxd7 14. Qxd7+
Kxd7 15. Ne5+ Ke8 16. Nxg6 fxg6 17. e5 g5 18. Rad1 Rd8 19. Rxd8+ Kxd8 20. Na4
c4 21. Rd1+ Kc7 22. Nb6 Rd8 23. Rxd8 Kxd8 24. Nxc4 Nf4 25. Kf1 b5 26. Nd2 Kd7
27. c4 Nd3 28. Bd4 Bb4 29. cxb5 axb5 30. Nb3 Kc6 31. Ke2 Nf4+ 32. Kf3 Kd5 33.
h4 Nd3 34. hxg5 Nxe5+ 35. Bxe5 Kxe5 36. gxh6 gxh6 37. Ke3 h5 38. Kd3 Be1 39.
Ke2 Bb4 40. f3 h4 1/2-1/2

[Event "DFMM der LV 2011"]
[Site "Braunfels"]
[Date "2011.06.19"]
[Round "5.6"]
[White "Roitburd, Swetlana"]
[Black "Sokalska, Viktorija"]
[Result "1/2-1/2"]
[WhiteElo "1647"]
[BlackElo "2018"]
[PlyCount "35"]
[EventDate "2011.06.16"]
[EventType "team"]
[EventCountry "GER"]
[WhiteTeam "Nordrhein Westfalen 2"]
[BlackTeam "Nordrhein Westfalen 1"]
[WhiteTeamCountry "GER"]
[BlackTeamCountry "GER"]

1. e4 c6 2. d4 d5 3. Nc3 dxe4 4. Nxe4 Nf6 5. Ng3 g6 6. Nf3 Bg7 7. c3 O-O 8. Bd3
Bg4 9. h3 Bxf3 10. Qxf3 Nbd7 11. Be3 Qa5 12. O-O Rad8 13. Bc2 e5 14. Bb3 Qc7
15. Rfe1 exd4 16. Bxd4 c5 17. Bxf6 Nxf6 18. Ne4 1/2-1/2

[Event "DFMM der LV 2011"]
[Site "Braunfels"]
[Date "2011.06.19"]
[Round "5.7"]
[White "Hund, Isabel"]
[Black "Koenig, Daniela"]
[Result "1/2-1/2"]
[WhiteElo "2069"]
[BlackElo "1608"]
[PlyCount "23"]
[EventDate "2011.06.16"]
[EventType "team"]
[EventCountry "GER"]
[WhiteTeam "Nordrhein Westfalen 1"]
[BlackTeam "Nordrhein Westfalen 2"]
[WhiteTeamCountry "GER"]
[BlackTeamCountry "GER"]

1. e4 c5 2. Nc3 d6 3. g3 Nf6 4. Bg2 g6 5. d3 Bg7 6. h3 Nc6 7. Be3 Rb8 8. a4 O-O
9. Qd2 Nd4 10. Nge2 Nxe2 11. Nxe2 b5 12. axb5 1/2-1/2

[Event "DFMM der LV 2011"]
[Site "Braunfels"]
[Date "2011.06.19"]
[Round "5.8"]
[White "Weber, Daniela"]
[Black "van Kempen, Susanne"]
[Result "1/2-1/2"]
[WhiteElo "1368"]
[BlackElo "1566"]
[PlyCount "27"]
[EventDate "2011.06.16"]
[EventType "team"]
[EventCountry "GER"]
[WhiteTeam "Nordrhein Westfalen 2"]
[BlackTeam "Nordrhein Westfalen 1"]
[WhiteTeamCountry "GER"]
[BlackTeamCountry "GER"]

1. e4 e5 2. Nc3 Nf6 3. Nf3 Nc6 4. Bc4 Be7 5. O-O O-O 6. d3 d6 7. h3 Na5 8. Bb3
Nxb3 9. axb3 c6 10. Be3 Be6 11. Rxa7 Rxa7 12. Bxa7 b6 13. Qa1 Qc7 14. Qa6
1/2-1/2

[Event "DFMM der LV 2011"]
[Site "Braunfels"]
[Date "2011.06.19"]
[Round "5.1"]
[White "Ankerst, Milka"]
[Black "Heymann Lobzhanidze, Anna Luise"]
[Result "1-0"]
[WhiteElo "2087"]
[BlackElo "2043"]
[PlyCount "65"]
[EventDate "2011.06.16"]
[EventType "team"]
[EventCountry "GER"]
[WhiteTeam "Bayern"]
[BlackTeam "Hessen"]
[WhiteTeamCountry "GER"]
[BlackTeamCountry "GER"]

1. e4 e5 2. Nf3 Nc6 3. Nc3 Nf6 4. d4 exd4 5. Nxd4 Bb4 6. Nxc6 bxc6 7. Bd3 d5 8.
exd5 cxd5 9. O-O O-O 10. Bg5 c6 11. Qf3 Be7 12. h3 Rb8 13. b3 Be6 14. Ne2 h6
15. Bf4 Bd6 16. Nd4 Bxf4 17. Qxf4 Qd7 18. Rfe1 Rbe8 19. Re3 Re7 20. Rae1 Rfe8
21. b4 Nh7 22. Rg3 Kh8 23. Kh2 Nf8 24. Rge3 Qc7 25. Qxc7 Rxc7 26. f4 Rb8 27. a3
Kg8 28. f5 Bd7 29. Re7 Rcb7 30. Nb3 Bc8 31. Nc5 Rxe7 32. Rxe7 f6 33. Rxa7 1-0

[Event "DFMM der LV 2011"]
[Site "Braunfels"]
[Date "2011.06.19"]
[Round "5.2"]
[White "Ries, Jutta"]
[Black "Fishkin, Natalie"]
[Result "1/2-1/2"]
[WhiteElo "1987"]
[BlackElo "2065"]
[PlyCount "29"]
[EventDate "2011.06.16"]
[EventType "team"]
[EventCountry "GER"]
[WhiteTeam "Hessen"]
[BlackTeam "Bayern"]
[WhiteTeamCountry "GER"]
[BlackTeamCountry "GER"]

1. f4 Nf6 2. Nf3 g6 3. b3 Bg7 4. Bb2 d6 5. e3 O-O 6. Be2 c5 7. O-O Nc6 8. Qe1
e5 9. fxe5 Ng4 10. Nc3 Ngxe5 11. a3 Be6 12. Qg3 d5 13. Na4 Nxf3+ 14. Rxf3 Qe7
15. Bxg7 1/2-1/2

[Event "DFMM der LV 2011"]
[Site "Braunfels"]
[Date "2011.06.19"]
[Round "5.5"]
[White "Birkholz, Mary"]
[Black "Pralle, Katharina"]
[Result "1/2-1/2"]
[WhiteElo "1945"]
[BlackElo "1995"]
[PlyCount "74"]
[EventDate "2011.06.16"]
[EventType "team"]
[EventCountry "GER"]
[WhiteTeam "Bayern"]
[BlackTeam "Hessen"]
[WhiteTeamCountry "GER"]
[BlackTeamCountry "GER"]

1. c4 e5 2. Nc3 Nf6 3. d3 d5 4. cxd5 Nxd5 5. e4 Nf6 6. Nf3 Nc6 7. h3 Be7 8. Be2
O-O 9. Be3 Re8 10. O-O Bf8 11. Bg5 h6 12. Bxf6 Qxf6 13. Nd5 Qd6 14. Ne3 Be6 15.
Qd2 Rad8 16. Rfd1 Nd4 17. b3 f6 18. Nh4 Bf7 19. Nhf5 Qb6 20. Bf1 Be6 21. Ng3
Bxh3 22. Nd5 Qd6 23. Rac1 c6 24. Ne3 Be6 25. Be2 Qa3 26. Nc4 Bxc4 27. Rxc4 Qd6
28. Bh5 Re7 29. Rxd4 Qxd4 30. Nf5 Qb6 31. Nxe7+ Bxe7 32. Qe2 Bc5 33. Bg6 Rd4
34. Qg4 Qd8 35. Kh1 Rd6 36. Qf5 Qd7 37. Qf3 Kf8 1/2-1/2

[Event "DFMM der LV 2011"]
[Site "Braunfels"]
[Date "2011.06.19"]
[Round "5.6"]
[White "Storkebaum, Ulrike"]
[Black "Zwetz, Anita"]
[Result "1-0"]
[WhiteElo "1849"]
[BlackElo "1868"]
[PlyCount "59"]
[EventDate "2011.06.16"]
[EventType "team"]
[EventCountry "GER"]
[WhiteTeam "Hessen"]
[BlackTeam "Bayern"]
[WhiteTeamCountry "GER"]
[BlackTeamCountry "GER"]

1. e4 e6 2. d4 d5 3. exd5 exd5 4. Nf3 Bd6 5. Bd3 Ne7 6. O-O Bg4 7. h3 Bh5 8.
Re1 Nbc6 9. c3 Qd7 10. Nbd2 f6 11. Qc2 O-O-O 12. b4 Bg6 13. b5 Na5 14. a4 Kb8
15. Ba3 Bxd3 16. Qxd3 Bxa3 17. Rxa3 Qd6 18. Raa1 g5 19. c4 dxc4 20. Nxc4 Nxc4
21. Qxc4 Nd5 22. Qc5 Qf4 23. a5 g4 24. hxg4 Qxg4 25. Nh2 Qg6 26. a6 Nb6 27.
axb7 Rhg8 28. g3 Kxb7 29. Re7 Rg7 30. Qxc7+ 1-0

[Event "DFMM der LV 2011"]
[Site "Braunfels"]
[Date "2011.06.19"]
[Round "5.7"]
[White "Lorenz, Oda"]
[Black "Blanke, Manon"]
[Result "1/2-1/2"]
[WhiteElo "1873"]
[BlackElo "1900"]
[PlyCount "113"]
[EventDate "2011.06.16"]
[EventType "team"]
[EventCountry "GER"]
[WhiteTeam "Bayern"]
[BlackTeam "Hessen"]
[WhiteTeamCountry "GER"]
[BlackTeamCountry "GER"]

1. e4 Nf6 2. Nc3 d5 3. exd5 Nxd5 4. d4 Bf5 5. Bc4 c6 6. Nge2 e6 7. O-O Bd6 8.
Ng3 Bg6 9. Nxd5 cxd5 10. Bb5+ Nd7 11. c4 dxc4 12. Qa4 Bd3 13. Re1 a6 14. Bxd7+
Qxd7 15. Qxd7+ Kxd7 16. Nh5 g6 17. Nf6+ Kc6 18. Bd2 Rad8 19. Rac1 Bf8 20. Ng4
Bg7 21. Bc3 Bxd4 22. Bxd4 Rxd4 23. Ne5+ Kb6 24. Nxf7 Re8 25. Ng5 Rd5 26. Rxe6+
Rxe6 27. Nxe6 Rb5 28. b3 cxb3 29. axb3 Rxb3 30. Nc5 Ra3 31. Nd7+ Ka5 32. f3 b5
33. Ne5 Bf5 34. g4 Be6 35. h4 Bd5 36. Kf2 Kb4 37. Rc7 h5 38. gxh5 gxh5 39. Rh7
Kc3 40. Rxh5 b4 41. Rh8 b3 42. Rb8 Ra4 43. Kg3 Rb4 44. Rxb4 Kxb4 45. Nd3+ Kc3
46. Nc5 a5 47. h5 Kd4 48. h6 b2 49. Nb3+ Bxb3 50. h7 b1=Q 51. h8=Q+ Kc4 52.
Qh4+ Kc3 53. Qf6+ Kb4 54. Qd6+ Ka4 55. Qc6+ Ka3 56. Qc5+ Ka4 57. Qc6+ 1/2-1/2

[Event "DFMM der LV 2011"]
[Site "Braunfels"]
[Date "2011.06.19"]
[Round "5.8"]
[White "Schirra, Sabine"]
[Black "Metzner, Anita"]
[Result "1/2-1/2"]
[WhiteElo "1540"]
[BlackElo "1516"]
[PlyCount "77"]
[EventDate "2011.06.16"]
[EventType "team"]
[EventCountry "GER"]
[WhiteTeam "Hessen"]
[BlackTeam "Bayern"]
[WhiteTeamCountry "GER"]
[BlackTeamCountry "GER"]

1. e4 g6 2. d4 Bg7 3. Bc4 e6 4. Nf3 Ne7 5. Bg5 h6 6. Be3 d6 7. c3 Nd7 8. Qc2 b6
9. Nbd2 Bb7 10. Bb5 a6 11. Bd3 c5 12. Nc4 Qc7 13. Bf4 e5 14. dxe5 dxe5 15. Be3
O-O-O 16. O-O-O Kb8 17. Rhe1 Ka7 18. Be2 Rhf8 19. Nd6 Nc8 20. Nxb7 Kxb7 21. Qa4
Nb8 22. Rxd8 Rxd8 23. Rd1 Rxd1+ 24. Qxd1 Qd7 25. Qb3 Ka7 26. Qc4 Nd6 27. Qd5
Qc6 28. Qxc6 Nxc6 29. Nd2 g5 30. Kd1 Kb7 31. Kc1 f5 32. f3 fxe4 33. Nxe4 Nxe4
34. fxe4 a5 35. Bb5 Na7 36. Be2 Nc8 37. Kc2 Nd6 38. Bf3 Kc6 39. h3 1/2-1/2

[Event "DFMM der LV 2011"]
[Site "Braunfels"]
[Date "2011.06.19"]
[Round "5.1"]
[White "Zilberman, Polina"]
[Black "Stenzel, Monika"]
[Result "1-0"]
[WhiteElo "2145"]
[BlackElo "799"]
[PlyCount "31"]
[EventDate "2011.06.16"]
[EventType "team"]
[EventCountry "GER"]
[WhiteTeam "Baden"]
[BlackTeam "Saarland"]
[WhiteTeamCountry "GER"]
[BlackTeamCountry "GER"]

1. e4 e5 2. Nf3 Qe7 3. Nc3 Nc6 4. Bc4 h6 5. O-O Nf6 6. d4 d6 7. Nd5 Qd7 8. Bb5
a6 9. Ba4 b5 10. Bb3 Nxe4 11. Re1 Nf6 12. dxe5 Ng8 13. exd6+ Nce7 14. Nxc7+ Kd8
15. Ne5 Qf5 16. dxe7+ 1-0

[Event "DFMM der LV 2011"]
[Site "Braunfels"]
[Date "2011.06.19"]
[Round "5.2"]
[White "Mueller, Elke"]
[Black "Vidonyak, Nellya"]
[Result "0-1"]
[WhiteElo "1970"]
[BlackElo "2166"]
[PlyCount "60"]
[EventDate "2011.06.16"]
[EventType "team"]
[EventCountry "GER"]
[WhiteTeam "Saarland"]
[BlackTeam "Baden"]
[WhiteTeamCountry "GER"]
[BlackTeamCountry "GER"]

1. e4 c5 2. Nc3 e6 3. g3 Nc6 4. Bg2 d6 5. d3 g6 6. Be3 Bg7 7. Qd2 a6 8. Nge2
Bd7 9. O-O Nd4 10. Rab1 Ne7 11. Nf4 O-O 12. Nd1 e5 13. Ne2 Rc8 14. c3 Nxe2+ 15.
Qxe2 b5 16. Bg5 f6 17. Bd2 Be6 18. a3 f5 19. Bg5 fxe4 20. Bxe4 d5 21. Bg2 Qd7
22. Qd2 d4 23. f4 exf4 24. Bxf4 Bf5 25. Nf2 dxc3 26. bxc3 c4 27. g4 Bxd3 28.
Nxd3 cxd3 29. Rbc1 Nd5 30. Qxd3 Qa7+ 0-1

[Event "DFMM der LV 2011"]
[Site "Braunfels"]
[Date "2011.06.19"]
[Round "5.3"]
[White "Rubina, Tatiana"]
[Black "Noll, Sonja"]
[Result "1-0"]
[WhiteElo "1985"]
[BlackElo "1869"]
[PlyCount "47"]
[EventDate "2011.06.16"]
[EventType "team"]
[EventCountry "GER"]
[WhiteTeam "Baden"]
[BlackTeam "Saarland"]
[WhiteTeamCountry "GER"]
[BlackTeamCountry "GER"]

1. e4 Nf6 2. e5 Nd5 3. d4 Nb6 4. Nf3 d5 5. Be2 Bf5 6. Nh4 Qd7 7. O-O h6 8. Nxf5
Qxf5 9. Bg4 Qg6 10. e6 h5 11. exf7+ Qxf7 12. Bh3 N8d7 13. Re1 O-O-O 14. a4 Kb8
15. a5 Nc4 16. Be6 Qf6 17. Bxd5 Nde5 18. Bxc4 Nxc4 19. c3 g5 20. Qe2 Nd6 21.
Nd2 Re8 22. Nf3 Bh6 23. Ne5 a6 24. Nd7+ 1-0

[Event "DFMM der LV 2011"]
[Site "Braunfels"]
[Date "2011.06.19"]
[Round "5.4"]
[White "Thewes, Marion"]
[Black "Juszczak, Anna"]
[Result "0-1"]
[WhiteElo "1511"]
[BlackElo "2025"]
[PlyCount "52"]
[EventDate "2011.06.16"]
[EventType "team"]
[EventCountry "GER"]
[WhiteTeam "Saarland"]
[BlackTeam "Baden"]
[WhiteTeamCountry "GER"]
[BlackTeamCountry "GER"]

1. e4 e6 2. d4 d5 3. exd5 exd5 4. Nf3 Bd6 5. Bd3 Ne7 6. Nbd2 Bg4 7. c3 Nd7 8.
Qc2 Ng6 9. h3 Be6 10. O-O Qf6 11. Nb3 h6 12. Bd2 O-O 13. Rfe1 Bxh3 14. Ne5 Be6
15. Nxd7 Bxd7 16. Re3 Bf4 17. Re2 Qg5 18. Bxf4 Nxf4 19. f3 Nxe2+ 20. Qxe2 Rae8
21. Qf2 b6 22. c4 Re3 23. Rd1 dxc4 24. Bxc4 Rfe8 25. Nd2 Bc6 26. Nf1 Rxf3 0-1

[Event "DFMM der LV 2011"]
[Site "Braunfels"]
[Date "2011.06.19"]
[Round "5.5"]
[White "Schneider, Birgit"]
[Black "Ramm, Madlen"]
[Result "1-0"]
[WhiteElo "2033"]
[BlackElo "1512"]
[PlyCount "45"]
[EventDate "2011.06.16"]
[EventType "team"]
[EventCountry "GER"]
[WhiteTeam "Baden"]
[BlackTeam "Saarland"]
[WhiteTeamCountry "GER"]
[BlackTeamCountry "GER"]

1. e4 d5 2. exd5 Qxd5 3. Nc3 Qd6 4. Nf3 Nf6 5. h3 c6 6. Bc4 Bf5 7. d4 e6 8. O-O
Be7 9. Qe2 h6 10. Be3 O-O 11. Rad1 Nd5 12. Nxd5 exd5 13. Bd3 Be6 14. Qd2 Bc8
15. Bf4 Qd8 16. Rfe1 h5 17. Re2 Nd7 18. Rde1 Bf6 19. Bd6 Bxd4 20. Bxf8 Bxf2+
21. Kxf2 Nxf8 22. Re8 Qb6+ 23. Qe3 1-0

[Event "DFMM der LV 2011"]
[Site "Braunfels"]
[Date "2011.06.19"]
[Round "5.6"]
[White "Weinmann, Helene"]
[Black "Vollstaedt Klein, Sabine"]
[Result "0-1"]
[WhiteElo "1431"]
[BlackElo "1898"]
[PlyCount "122"]
[EventDate "2011.06.16"]
[WhiteTeam "Saarland"]
[BlackTeam "Baden"]
[WhiteTeamCountry "GER"]
[BlackTeamCountry "GER"]

1. d4 f5 2. g3 g6 3. Bg2 Nf6 4. Nf3 Bg7 5. Nc3 c6 6. O-O O-O 7. Re1 d6 8. e4
Na6 9. e5 dxe5 10. dxe5 Nd5 11. Nxd5 cxd5 12. c3 e6 13. Be3 b6 14. Qd2 Nc5 15.
Bf4 Rf7 16. Rad1 Qc7 17. Nd4 Bd7 18. Qe3 Rc8 19. Bf1 Nb7 20. Rc1 Qd8 21. Ba6
Rc7 22. Bb5 Qe8 23. Bxd7 Qxd7 24. Re2 Rc8 25. Rec2 b5 26. Nb3 a6 27. Rd2 Qd8
28. Rcd1 Qf8 29. Nd4 Re7 30. h4 h6 31. Kg2 Kh7 32. Rh1 Ree8 33. Re2 Qe7 34.
Ree1 Rh8 35. Nf3 Qc5 36. Qxc5 Nxc5 37. Nd4 Rhe8 38. Rd1 Kg8 39. Rhe1 Kf7 40.
Bc1 Rg8 41. f4 Bf8 42. Nf3 Be7 43. Be3 Ne4 44. Nd2 Nxd2 45. Rxd2 b4 46. Bd4 g5
47. fxg5 hxg5 48. hxg5 bxc3 49. Bxc3 Bxg5 50. Rd3 Rg7 51. Re2 Rcg8 52. Rf2 Ke7
53. Rff3 Kd7 54. Kf2 Rh7 55. Ke2 Rh3 56. Be1 Be7 57. Rb3 Rc8 58. Rb7+ Rc7 59.
Rxc7+ Kxc7 60. Bd2 Rh2+ 61. Kd3 Kc6 0-1

[Event "DFMM der LV 2011"]
[Site "Braunfels"]
[Date "2011.06.19"]
[Round "5.7"]
[White "Kohm, Vanessa"]
[Black "Holle, Verena"]
[Result "1-0"]
[WhiteElo "1782"]
[BlackElo "1296"]
[PlyCount "79"]
[EventDate "2011.06.16"]
[EventType "team"]
[EventCountry "GER"]
[WhiteTeam "Baden"]
[BlackTeam "Saarland"]
[WhiteTeamCountry "GER"]
[BlackTeamCountry "GER"]

1. d4 f5 2. c4 e6 3. Nc3 Nf6 4. Nf3 c6 5. e3 d5 6. Bd2 Bd6 7. Rc1 O-O 8. Qc2
Ne4 9. a3 Nd7 10. b4 Nxd2 11. Qxd2 b6 12. cxd5 exd5 13. Bd3 Nf6 14. Ne2 Ne4 15.
Qa2 Bb7 16. O-O Qe8 17. Nc3 Qh5 18. Ne5 Nf6 19. Be2 Qh6 20. f4 g5 21. Rf3 g4
22. Rff1 Qg7 23. Nd1 Ne4 24. Nxc6 Nf6 25. Bd3 Qf7 26. Bxf5 Kh8 27. Ne5 Qh5 28.
Bd3 h6 29. Nc3 Rad8 30. Ne2 Ne4 31. Ng3 Qh4 32. Nxe4 dxe4 33. Be2 Bxe5 34. dxe5
b5 35. Rc7 Bd5 36. Qc2 h5 37. g3 Qh3 38. Rd1 Bc4 39. Rxc4 Rxd1+ 40. Qxd1 1-0

[Event "DFMM der LV 2011"]
[Site "Braunfels"]
[Date "2011.06.19"]
[Round "5.8"]
[White "Metzler, Janett"]
[Black "Braun, Viktoria"]
[Result "0-1"]
[WhiteElo "1079"]
[BlackElo "1583"]
[PlyCount "98"]
[EventDate "2011.06.16"]
[EventType "team"]
[EventCountry "GER"]
[WhiteTeam "Saarland"]
[BlackTeam "Baden"]
[WhiteTeamCountry "GER"]
[BlackTeamCountry "GER"]

1. e4 e5 2. Nf3 Nc6 3. Nc3 Bc5 4. b3 d6 5. Bb2 Nf6 6. Bb5 Bd7 7. O-O O-O 8. Bc4
Bg4 9. h3 Bh5 10. Re1 Nd4 11. g4 Bg6 12. Nh4 Kh8 13. Bf1 Nd7 14. Nf3 Qf6 15.
Bg2 c6 16. Na4 Nxf3+ 17. Bxf3 Qh4 18. Nxc5 Nxc5 19. Bg2 Ne6 20. d4 exd4 21.
Bxd4 Nxd4 22. Qxd4 Qe7 23. c4 Qe5 24. Qxe5 dxe5 25. Rad1 Rad8 26. f3 f6 27. h4
h6 28. h5 Bf7 29. Kf2 Kg8 30. Ke3 Be6 31. Bh3 Kf7 32. f4 exf4+ 33. Kxf4 Ke7 34.
Kg3 Rxd1 35. Rxd1 Rd8 36. Rxd8 Kxd8 37. Kf4 Ke7 38. c5 b6 39. cxb6 axb6 40. Bf1
b5 41. a4 Bxb3 42. Bxb5 cxb5 43. axb5 Be6 44. b6 Kd6 45. b7 Kc7 46. e5 fxe5+
47. Kxe5 Bxg4 48. Kf4 Bxh5 49. Kf5 Kxb7 0-1